Statistics for Ultimate Country Flag Challenge 2

Click here to take the quiz!

General Stats

  • This quiz has been taken 74 times
  • The average score is 18 of 20

Answer Stats

Answer% Correct
Sweden
98%
Germany
96%
Japan
96%
India
94%
Jamaica
94%
U.S.A.
94%
Chile
92%
Israel
92%
Croatia
91%
Spain
91%
Cambodia
89%
Cyprus
89%
Kazakhstan
89%
Barbados
85%
New Zealand
85%
North Korea
85%
Azerbaijan
83%
Malaysia
83%
Belize
74%
Vanuatu
66%

Score Distribution

Percentile by Number Answered

Percent of People with Each Score

Your Score History

You have not taken this quiz